[Event "Mitropa Cup Open 2019"]
[Site "Radenci"]
[Date "2019.06.03"]
[Round "8.16"]
[White "Srbis, Jurica"]
[Black "Lodici, Lorenzo"]
[Result "1-0"]
[WhiteElo "2429"]
[BlackElo "2453"]
[Annotator "ChessBase"]
[PlyCount "89"]
[EventDate "2019.05.27"]
[EventType "team-tourn"]
[EventCountry "SLO"]
[SourceTitle "playchess.com"]
[Source "ChessBase"]
[SourceQuality "1"]
[WhiteTeam "Croatia"]
[BlackTeam "Italy"]
[WhiteTeamCountry "CRO"]
[BlackTeamCountry "ITA"]
[TimeControl "40/5400+30:1800+30"]

1. e4 {[%emt 0:00:00]} c6 {[%emt 0:00:00]} 2. d4 {[%emt 0:00:28]} d5 {[%emt 0:00:00]} 3. Nc3 {[%emt 0:00:25]} dxe4 {[%emt 0:00:00]} 4. Nxe4 {[%emt 0:00:05]} Bf5 {[%emt 0:00:00]} 5. Ng3 {[%emt 0:00:14]} Bg6 {[%emt 0:00:00]} 6. c3 {[%emt 0:00:07]} Nf6 {[%emt 0:04:11]} 7. Nh3 {[%emt 0:00:21]} e6 {[%emt 0:01:46]} 8. Nf4 {[%emt 0:00:12]} Nbd7 {[%emt 0:02:57]} 9. h4 {[%emt 0:06:17]} e5 {[%emt 0:01:49]} 10. Qe2 {[%emt 0:23:50]} Qe7 {[%emt 0:07:26]} 11. Nxg6 {[%emt 0:04:12]} hxg6 {[%emt 0:00:32]} 12. Be3 {[%emt 0:04:17]} Nd5 {[%emt 0:09:07]} 13. Bg5 {[%emt 0:01:14]} f6 {[%emt 0:01:36]} 14. Bd2 {[%emt 0:02:05]} exd4 {[%emt 0:02:20]} 15. cxd4 {[%emt 0:01:04]} Nb4 {[%emt 0:15:49]} 16. Bxb4 {[%emt 0:13:53]} Qxe2+ {[%emt 0:00:02]} 17. Nxe2 {[%emt 0:07:48]} Bxb4+ {[%emt 0:01:08]} 18. Nc3 {[%emt 0:00:07]} g5 {[%emt 0:06:38]} 19. h5 {[%emt 0:00:29]} Nb6 {[%emt 0:01:42]} 20. O-O-O {[%emt 0:01:26]} Bxc3 {[%emt 0:07:47]} 21. bxc3 {[%emt 0:00:04]} Nd5 {[%emt 0:00:12]} 22. Re1+ {[%emt 0:03:25]} Kf8 {[%emt 0:03:06]} 23. Kc2 {[%emt 0:06:05]} g6 {[%emt 0:04:17]} 24. h6 {[%emt 0:02:35]} Re8 {[%emt 0:03:12]} 25. Rxe8+ {[%emt 0:00:24]} Kxe8 {[%emt 0:00:02]} 26. Bc4 {[%emt 0:00:46]} Ne7 {[%emt 0:03:07]} 27. Be6 {[%emt 0:01:24]} Rh7 {[%emt 0:08:20]} 28. g4 {[%emt 0:00:27]} Kf8 {[%emt 0:01:58]} 29. Kd3 {[%emt 0:04:58]} Ng8 {[%emt 0:03:49]} 30. Bxg8 {[%emt 0:00:12]} Kxg8 {[%emt 0:00:00]} 31. a4 {[%emt 0:00:44]} Re7 {[%emt 0:03:53]} 32. h7+ {[%emt 0:01:03]} Kh8 {[%emt 0:00:00]} 33. Rh6 {[%emt 0:06:26]} Re6 {[%emt 0:01:55]} 34. a5 {[%emt 0:01:16]} Rd6 {[%emt 0:01:31]} 35. c4 {[%emt 0:01:15]} c5 {[%emt 0:02:55]} 36. d5 {[%emt 0:00:14]} Ra6 {[%emt 0:00:08]} 37. Ke4 {[%emt 0:00:51]} Rxa5 {[%emt 0:00:01]} 38. d6 {[%emt 0:00:50]} Ra2 {[%emt 0:00:01]} 39. Kd5 {[%emt 0:00:48]} Rd2+ {[%emt 0:04:01]} 40. Ke6 {[%emt 0:00:00]} b5 {[%emt 0:00:00]} 41. cxb5 {[%emt 0:01:07]} c4 42. d7 {[%emt 0:03:44]} c3 {[%emt 0:01:59]} 43. Rh1 {[%emt 0:00:10]} c2 {[%emt 0:00:13]} 44. Rc1 {[%emt 0:00:05]} Kxh7 {[%emt 0:01:03]} 45. Rxc2 {[%emt 0:01:47]} 1-0

[Event "Mitropa Cup Open 2019"]
[Site "Radenci"]
[Date "2019.06.03"]
[Round "8.17"]
[White "Travadon, Loic"]
[Black "Gazik, Viktor"]
[Result "1/2-1/2"]
[WhiteElo "2441"]
[BlackElo "2520"]
[Annotator "TA"]
[PlyCount "230"]
[EventDate "2019.05.27"]
[EventType "team-tourn"]
[EventCountry "SLO"]
[SourceTitle "playchess.com"]
[Source "ChessBase"]
[SourceQuality "1"]
[WhiteTeam "France"]
[BlackTeam "Slovakia"]
[WhiteTeamCountry "FRA"]
[BlackTeamCountry "SVK"]

{[%evp 9,229,35,43,50,38,17,47,37,52,58,85,91,80,81,88,86,108,110,103,99,112,95,133,126,143,120,116,112,120,124,122,121,115,114,107,115,110,87,146,125,223,189,208,6,160,160,154,160,160,160,160,160,160,160,160,160,160,166,134,42,81,74,60,43,91,69,120,44,130,113,110,0,0,0,0,0,0,0,0,0,0,0,0,0,0,0,0,0,0,0,27,0,0,0,0,0,0,0,10,19,18,0,21,29,14,0,0,0,63,0,0,0,0,0,0,0,0,0,0,0,0,0,0,0,0,0,0,0,0,-12,-12,-28,-28,-28,-24,-31,0,-8,-14,-16,-8,-160,0,-61,-72,-72,-43,-72,-71,-170,-174,-245,-237,-29971,-29972,-4998,-302,-361,-361,-591,-598,-579,-350,-29977,-29978,-29974,-29969,-29964,-591,-29972,-29973,-29970,-29974,-29975,-29976,-29976,-339,-325,-325,-382,-318,-591,-434,-4153,-264,-29958,-1811,-4225,-4160,-4153,-4153,-29976,-29976,-29976,-29977,-29979,-29979,-29975,-29976,-29976,-29977,-29983,-29983,-29983,-29977,-29976,-4470,-29983,-29976,-29984,-29985,-29989,-29985,-29985,-29974,-29984,-4153,-29984,-4141,-29976,0,0]} 1. Nf3 g6 2. e4 Bg7 3. d4 c6 4. c4 d6 5. h3 (5. Be2 Bg4 6. O-O Qb6 7. Nbd2 Nf6 8. Qc2 Nfd7 9. Rd1 O-O 10. h3 Bxf3 11. Nxf3 c5 12. d5 {1-0 (42) Gelfand,B (2673)-Novikov,S (2540) St Petersburg 2018}) 5... Nf6 6. Bd3 {B06: Modern Defence} O-O 7. Bg5 a6 $146 ({Predecessor:} 7... Qc7 8. Qd2 Nbd7 9. Nc3 e5 10. d5 Nc5 11. Bc2 a5 12. O-O cxd5 13. cxd5 Bd7 14. Bd3 a4 15. Qe2 Nxd3 16. Qxd3 Qa5 17. a3 Rac8 18. Rfc1 {0-1 (30) Goetz,A (2220)-Reh,P (2105) Weilburg 1995}) 8. O-O {White is slightly better.} c5 9. d5 e6 10. Nc3 h6 11. Be3 exd5 12. exd5 b6 13. Qd2 Kh7 14. Rae1 Ra7 15. Bf4 Nh5 16. Bh2 $1 f5 17. Ne2 Qf6 18. Nf4 Nxf4 19. Qxf4 Rd8 20. Re2 g5 21. Qc1 Kg8 22. Rfe1 Rf7 23. Ne5 Rff8 (23... Rb7 $142) 24. h4 $36 {[%mdl 2048] White is on the roll.} b5 (24... a5 $16 25. hxg5 hxg5) 25. hxg5 ({Much less strong is} 25. cxb5 $6 axb5 26. Bxb5 f4) 25... hxg5 26. Nf3 $2 (26. cxb5 $18 axb5 27. Bxb5) 26... g4 $2 (26... f4 $1 $11) 27. Ng5 f4 28. Nh7 {[%mdl 64] Double Attack} Qd4 29. Nxf8 Rxf8 30. Rd1 $1 {Strongly threatening Bh7+!} g3 31. Bh7+ {[%mdl 64] Discovered Attack} Kxh7 32. Rxd4 gxh2+ 33. Kxh2 Bxd4 34. Re4 (34. Qe1 $16 {Hoping for Re8.} Bd7 35. Kg1) 34... bxc4 35. Rxd4 cxd4 36. Qxc4 Nd7 37. Qxd4 Ne5 (37... Nf6 $14) 38. Kg1 (38. f3 $1 $16) 38... Rf6 (38... Bd7 $14) 39. Qa7+ $1 {[%mdl 1024] White has strong compensation.} Kg6 40. Qb8 (40. f3 $1 $16) 40... Bf5 $11 41. f3 Bd3 42. b4 Bc4 43. Qg8+ Kh6 44. Qh8+ Kg5 45. Qg8+ Rg6 46. Qd8+ Kh5 47. Qh8+ Rh6 48. Qc8 {Threatens to win with Qf5+.} Kg5 49. a4 Rf6 ({Reject} 49... Bxd5 $6 50. Qxa6 Rg6 51. a5 $16) 50. Kf2 Nd3+ ({Much worse is} 50... Bxd5 $6 51. Qxa6 Re6 52. Qa5 $16) 51. Ke2 Ne5+ 52. Kd2 Bf1 53. Qg8+ Ng6 54. Ke1 Bc4 55. Kf2 Kh6 56. Qd8 Kg5 57. Qc8 Ne5 58. Qb7 Rh6 (58... Kf5 $11) 59. Qg7+ ({White should play} 59. Kg1 $1 $14) 59... Rg6 60. Qe7+ Kf5 61. Qe8 Nd3+ 62. Kg1 Bxd5 63. Qf8+ Ke5 64. Qh8+ Rf6 65. b5 axb5 66. axb5 Nc5 67. b6 Bb7 68. Qg7 Ke6 69. Kf2 Rf7 70. Qg6+ Ke7 71. Ke2 Ne6 72. Qg8 Nc5 73. Kd2 Bd5 {...Kd7 is the strong threat.} 74. Qg5+ Ke6 75. Kc3 $2 (75. Kc2 $11) 75... Bb3 $2 (75... Na4+ $17 76. Kd4 Nxb6) 76. b7 ({Better is} 76. Qg6+ $11 Kd7 77. b7 $1 {[%mdl 512]}) 76... Rxb7 $15 {White must now prevent ...Rf7.} 77. Qxf4 Rf7 78. Qe3+ Kd7 79. f4 (79. Qg5 $17) 79... Rg7 $1 $19 {[%cal Rg7g3] And now ...Rg3! would win.} 80. Kb4 (80. Qh3+ $142 Be6 81. Qh2) 80... Be6 81. Qf3 $2 {[#]} (81. Qa3 $19 Rg8 82. Qa7+ Kc6 83. Qa5) 81... Rg8 $1 {[%cal Rg8b8]} 82. Qf1 Bd5 $2 (82... Rg3 83. Qb5+ Ke7) 83. g4 Rxg4 84. Kc3 $2 (84. Qh3 Be6 85. Kb5 Rxf4 {[%mdl 64] Discovered Attack} 86. Qh6) 84... Rg3+ 85. Kd2 Rd3+ 86. Kc2 $2 (86. Ke1 $19) 86... Be4 87. Kc1 Rf3 88. Qb5+ Bc6 (88... Ke7 $142 89. Qe2 Rxf4 90. Kd2 Ne6 91. Qe1 d5 92. Kc3 Kd6 93. Kb4 Rf3 94. Qh4 Kd7 95. Qh2 Rf1 96. Qe5 Rb1+ 97. Kc3 d4+ 98. Kd2 Bc6 99. Qg3 Bd5 100. Qa3 Rb3 101. Qa4+ Ke7 102. Qa5 Kd6 103. Qa6+ Ke5 104. Qe2+ Kd6 105. Qa6+ Ke5 106. Qe2+ Be4 107. Qh5+ Kd6 108. Qh8 Rb2+ 109. Ke1 Bd5 110. Kd1 Ra2 111. Qh7 Nf4 112. Qh8 Bb3+ 113. Ke1 Ng2+ 114. Kf1 Ne3+ 115. Ke1 Ng2+ 116. Kf1 Kc5 117. Qf8+ Kc4 118. Qh8 Kc3 119. Qc8+ Bc4+ 120. Kg1 Ne3 121. Qf8 d3 122. Qc5 Rg2+ 123. Kh1 Re2 124. Qa3+ Kc2 125. Qa4+ Bb3 126. Qc6+ Nc4 127. Kg1 d2 128. Qg6+ Kc1 129. Qg5 Ne3 130. Qc5+ Kb1 131. Qd6 d1=Q+ 132. Qxd1+ Bxd1 133. Kh1 Rd2 134. Kg1 Ng4 135. Kf1 Bf3 136. Kg1 Rd1#) 89. Qc4 {[#]} Rxf4 $1 {[%mdl 512]} 90. Qg8 (90. Qxf4 Nd3+) 90... Rf2 91. Qh7+ Kc8 92. Kd1 Rg2 $2 (92... Be4 {mates} 93. Qg8+ Kb7 94. Qc4 Bc2+ 95. Ke1 Nd3+ 96. Qxd3 {[%mdl 64] Remove Defender} Bxd3 97. Kxf2 d5 98. Kg3 d4 99. Kf3 Kc6 100. Kf2 Bg6 101. Ke2 Kd5 102. Kf3 Bh5+ 103. Kf4 Be2 104. Kg5 d3 105. Kg6 d2 106. Kf7 d1=Q 107. Kf6 Qg1 108. Kf7 Qg3 109. Ke8 Qg7 110. Kd8 Kd6 111. Ke8 Qg8#) 93. Ke1 Be4 94. Qh8+ Kc7 95. Kf1 $2 (95. Qf8 {was worth a try.}) 95... Rc2 96. Ke1 (96. Qf8 $142) 96... Kc6 $2 (96... Bd3 97. Qg7+ Kc6) 97. Kd1 $2 (97. Qe8+ $19 Kd5 98. Qf7+ Ne6 99. Qh5+ Kd4 100. Qh8+ Kc4 101. Qg8) 97... d5 (97... Rf2 $142 98. Qe8+ Kd5 99. Qg8+ Kd4 100. Qh8+ Kc4 101. Qh4 Rg2 102. Qf4 d5 103. Qf1+ Kc3 104. Qe1+ Kb3 105. Qe3+ Kc4 106. Ke1 d4 107. Qc1+ Rc2 108. Qg5 Nd3+ 109. Kd1 Nb2+ 110. Ke1 d3 111. Qh6 Re2+ 112. Kf1 Kb3 113. Qh5 Rc2 114. Qb5+ Ka2 115. Qa6+ Kb1 116. Qe6 Bg2+ 117. Kg1 d2 118. Kh2 d1=Q 119. Kg3 Qf3+ 120. Kh4 Qf4+ 121. Qg4 Qf6+ 122. Qg5 Rc4+ 123. Kg3 Qxg5+ 124. Kf2 Qf4+ 125. Kg1 Bh3 126. Kh1 Rc1#) 98. Qe8+ Kb6 99. Qb8+ Ka5 100. Qa7+ Kb5 101. Qb8+ Kc4 102. Qh8 Rf2 103. Qc8 d4 104. Ke1 Rc2 105. Kd1 d3 106. Qg4 Kb5 107. Qf4 Bb7 (107... Rg2 $142 108. Qf7 Bc6 109. Ke1 d2+ 110. Kd1 Kb6 111. Qf6 Rg1+ 112. Kxd2 Ne4+ {[%mdl 64] Double Attack} 113. Kd3 Nxf6 114. Kd4 Rg4+ 115. Ke5 Nd7+ 116. Kf5 Bf3 117. Ke6 Kc7 118. Kf5 Kd8 119. Ke6 Rf4 120. Kd6 Rf6#) 108. Qf6 Rg2 109. Qf7 Bc6 110. Qf8 Bd5 111. Qb8+ Bb7 112. Qe8+ Kb4 (112... Kc4 $142 113. Qf7+ Bd5 114. Qf4+ Ne4 115. Kc1 Rg1+ 116. Kb2 d2 117. Qc7+ Kd3 118. Qe5 {[#]} Rb1+ $1 {[%mdl 512]} 119. Ka3 Rb3+ 120. Ka4 Nc3+ 121. Ka5 Rb5+ 122. Ka6 Bb7+ {[%mdl 64] Discovered Attack} 123. Ka7 Rxe5 124. Kb6 d1=Q 125. Ka7 Qf3 126. Kb6 Bc8 127. Kc7 Qb7+ 128. Kd8 Qd7#) 113. Qe1+ Kb3 (113... Kc4 $142 114. Qe3 Ne4 115. Ke1 Bc6 116. Kf1 Rf2+ 117. Qxf2 Nxf2 118. Kxf2 d2 119. Kg3 d1=Q 120. Kh4 Qd5 121. Kg4 Qe5 122. Kh4 Qf4+ 123. Kh3 Qg5 124. Kh2 Qg2#) 114. Qf1 Bd5 115. Qxd3+ $1 Nxd3 {Accuracy: White = 39%, Black = 48%.} 1/2-1/2

[Event "Mitropa Cup Open 2019"]
[Site "Radenci"]
[Date "2019.06.03"]
[Round "8.18"]
[White "Druska, Juraj"]
[Black "Joie, Sebastien"]
[Result "1/2-1/2"]
[WhiteElo "2460"]
[BlackElo "2425"]
[Annotator "TA"]
[PlyCount "95"]
[EventDate "2019.05.27"]
[EventType "team-tourn"]
[EventCountry "SLO"]
[SourceTitle "playchess.com"]
[Source "ChessBase"]
[SourceQuality "1"]
[WhiteTeam "Slovakia"]
[BlackTeam "France"]
[WhiteTeamCountry "SVK"]
[BlackTeamCountry "FRA"]

{[%evp 16,95,26,30,25,31,35,27,25,39,33,27,29,43,91,89,94,69,76,65,83,80,91,76,99,47,54,23,31,6,27,33,25,0,1,7,7,0,18,0,35,0,0,0,0,-26,0,-47,0,0,8,7,8,0,3,7,79,10,10,10,10,10,15,8,8,8,8,8,8,0,0,0,0,0,0,0,1,0,0,0,1,0]} 1. e4 Nf6 2. e5 Nd5 3. d4 d6 4. Nf3 g6 5. Bc4 Nb6 6. Bb3 Bg7 7. Ng5 e6 8. Qf3 Qe7 9. Ne4 {Strongly threatening Bg5.} dxe5 {B04: Alekhine's Defence: 4 Nf3} (9... h6 10. Bf4 Nc6 11. exd6 Nxd4 12. dxe7 Nxf3+ 13. gxf3 Bxb2 14. Nbc3 Bxa1 15. Be5 f5 16. Bxh8 fxe4 17. Rg1 {0-1 (51) Pourramezanali,A (2528)-Firouzja,A (2618) Bushehr 2019}) 10. dxe5 h6 11. Nf6+ Kf8 $1 {White has an edge.} 12. Qc3 N6d7 {[%cal Rd7f6]} 13. Nxd7+ $146 ({Predecessor:} 13. Qxc7 Nc6 14. Nxd7+ Qxd7 15. Qxd7 Bxd7 16. f4 g5 17. g3 {½-½ (50) Ingersol,H (2409)-Schmidt,L (2402) ICCF email 2016}) 13... Nxd7 14. f4 $36 {[%mdl 2048] Black is under pressure.} c5 15. a4 {[%cal Ba2a4,Ba4a5][%mdl 32]} b6 16. Na3 Bb7 17. O-O Rd8 18. a5 Nb8 19. Be3 Kg8 20. Rfd1 (20. Bc4 $16) 20... Kh7 $14 21. axb6 axb6 22. Nc4 Rxd1+ 23. Rxd1 Rd8 24. Qe1 Rxd1 25. Qxd1 b5 26. Nd6 c4 27. Ba2 Qd7 28. Qd4 {[#] And now Qa7 would win.} Qc6 {[%csl Gb7][%cal Rc6g2]} 29. Nxb7 Qxb7 30. Kf2 Nc6 31. Qc5 Ne7 {Hoping for ...Nf5.} 32. Qa7 $1 {[%cal Ra7b7]} Qxa7 33. Bxa7 $11 {[%mdl 4096] Endgame KBB-KBN} Nd5 34. g3 g5 35. Kf3 f5 {[#]} (35... h5 $11 {remains equal.}) 36. exf6 ({White should try} 36. b3 $1 $16) 36... Bxf6 {The position is equal.} 37. c3 $1 gxf4 38. gxf4 Kg7 39. Bb1 b4 40. cxb4 Nxb4 41. Bc5 Nc6 42. Be4 Nd4+ 43. Kg4 Nb3 44. Ba3 Nd4 45. Bb4 Nb3 46. Ba3 Nd4 47. Bb4 Nb3 48. Ba3 {Accuracy: White = 49%, Black = 68%.} 1/2-1/2

[Event "Mitropa Cup Open 2019"]
[Site "Radenci"]
[Date "2019.06.03"]
[Round "8.19"]
[White "Di Nicolantonio, Lucas"]
[Black "Repka, Christopher"]
[Result "1/2-1/2"]
[WhiteElo "2379"]
[BlackElo "2482"]
[Annotator "ChessBase"]
[PlyCount "84"]
[EventDate "2019.05.27"]
[EventType "team-tourn"]
[EventCountry "SLO"]
[SourceTitle "playchess.com"]
[Source "ChessBase"]
[SourceQuality "1"]
[WhiteTeam "France"]
[BlackTeam "Slovakia"]
[WhiteTeamCountry "FRA"]
[BlackTeamCountry "SVK"]
[TimeControl "40/5400+30:1800+30"]

1. e4 {[%emt 0:00:00]} e5 {[%emt 0:00:00]} 2. Nf3 {[%emt 0:00:00]} Nc6 {[%emt 0:00:00]} 3. d4 {[%emt 0:00:00]} exd4 {[%emt 0:00:01]} 4. Nxd4 {[%emt 0:00:05]} Nf6 {[%emt 0:00:10]} 5. Nxc6 {[%emt 0:00:14]} bxc6 {[%emt 0:00:04]} 6. e5 {[%emt 0:00:12]} Qe7 {[%emt 0:00:06]} 7. Qe2 {[%emt 0:00:16]} Nd5 {[%emt 0:00:05]} 8. c4 {[%emt 0:00:34]} Ba6 {[%emt 0:00:04]} 9. Nd2 {[%emt 0:00:25]} g6 {[%emt 0:01:10]} 10. Nf3 {[%emt 0:00:51]} Nb6 {[%emt 0:00:04]} 11. b3 {[%emt 0:01:11]} Bg7 {[%emt 0:00:04]} 12. Bg5 {[%emt 0:02:07]} Qe6 {[%emt 0:00:04]} 13. O-O-O {[%emt 0:01:45]} O-O {[%emt 0:00:04]} 14. Qe3 {[%emt 0:03:34]} Rfe8 {[%emt 0:00:19]} 15. h4 {[%emt 0:01:23]} d5 {[%emt 0:03:07]} 16. exd6 {[%emt 0:02:37]} Qf5 {[%emt 0:07:22]} 17. Qd2 {[%emt 0:00:45]} Qc5 {[%emt 0:00:04]} 18. Be3 {[%emt 0:53:07]} Qa3+ {[%emt 0:22:49]} 19. Kb1 {[%emt 0:00:14]} Bxc4 {[%emt 0:02:36]} 20. Qc1 {[%emt 0:04:35]} Qxc1+ {[%emt 0:00:30]} 21. Rxc1 {[%emt 0:00:18]} Bd5 {[%emt 0:00:55]} 22. Bd3 {[%emt 0:07:54]} cxd6 {[%emt 0:00:06]} 23. h5 {[%emt 0:00:11]} Nd7 {[%emt 0:04:02]} 24. hxg6 {[%emt 0:06:14]} hxg6 {[%emt 0:00:16]} 25. Rh4 {[%emt 0:01:55]} a5 {[%emt 0:00:17]} 26. Bc4 {[%emt 0:01:29]} Bxc4 {[%emt 0:01:25]} 27. Rhxc4 {[%emt 0:00:15]} c5 {[%emt 0:00:03]} 28. Rd1 {[%emt 0:01:45]} d5 {[%emt 0:00:05]} 29. Rxd5 {[%emt 0:01:49]} Nb6 {[%emt 0:00:03]} 30. Rdxc5 {[%emt 0:00:17]} Nxc4 {[%emt 0:00:04]} 31. Rxc4 {[%emt 0:01:06]} Rac8 {[%emt 0:00:04]} 32. Nd2 {[%emt 0:03:00]} Rcd8 {[%emt 0:04:06]} 33. Kc2 {[%emt 0:00:24]} Rd5 {[%emt 0:00:06]} 34. g4 {[%emt 0:02:03]} Bf6 {[%emt 0:00:26]} 35. Ne4 {[%emt 0:01:03]} Bd8 {[%emt 0:00:14]} 36. a3 {[%emt 0:01:19]} Rde5 {[%emt 0:01:40]} 37. Kd3 {[%emt 0:00:22]} Be7 {[%emt 0:00:50]} 38. b4 {[%emt 0:01:27]} Rb8 {[%emt 0:00:03]} 39. Bf4 {[%emt 0:00:25]} Rd5+ {[%emt 0:00:12]} 40. Kc2 {[%emt 0:00:00]} Rbd8 {[%emt 0:00:00]} 41. Be3 {[%emt 0:04:27]} Rb8 {[%emt 0:04:16]} 42. Nc3 {[%emt 0:07:10]} Rd7 {[%emt 0:00:16]} 1/2-1/2

[Event "Mitropa Cup Open 2019"]
[Site "Radenci"]
[Date "2019.06.03"]
[Round "8.20"]
[White "Pechac, Jergus"]
[Black "Eugene, Floryan"]
[Result "0-1"]
[WhiteElo "2461"]
[BlackElo "2303"]
[Annotator "TA"]
[PlyCount "116"]
[EventDate "2019.05.27"]
[EventType "team-tourn"]
[EventCountry "SLO"]
[SourceTitle "playchess.com"]
[Source "ChessBase"]
[SourceQuality "1"]
[WhiteTeam "Slovakia"]
[BlackTeam "France"]
[WhiteTeamCountry "SVK"]
[BlackTeamCountry "FRA"]

{[%evp 16,116,64,43,47,34,41,22,33,27,35,31,31,0,9,0,0,-14,-14,-25,-31,-52,-68,-71,-50,-77,-92,-89,-89,-168,-141,-127,-122,-173,-160,-174,-169,-272,-272,-287,-271,-269,-270,-445,-407,-444,-389,-383,-318,-330,-327,-323,-310,-315,-310,-392,-200,-190,-202,-202,-201,-196,-191,-191,-190,-391,-362,-353,-351,-394,-427,-393,-268,-460,-468,-466,-466,-456,-450,-614,-591,-636,-412,-611,-619,-528,-595,-545,-517,-29978,-29978,-29978,-29979,-29979,-29980,-29977,-29968,-29992,-29978,-29977,-29978,-29976,-29974]} 1. d4 Nf6 2. c4 g6 3. Nc3 Bg7 4. e4 d6 5. Nf3 O-O 6. Be2 Na6 7. O-O e5 8. Be3 c6 9. Qc2 Ng4 {E94: King's Indian: Classical: 6 Be2 e5 7 0-0: Various Black 7th moves} 10. Bg5 Qc7 (10... Qe8 11. Rad1 f6 12. Bh4 Kh8 13. h3 Nh6 14. Rfe1 Nf7 15. a3 Nc7 16. b4 Ne6 17. d5 {1-0 (65) Wojtaszek,R (2738)-Demchenko,A (2672) Batumi 2018}) 11. dxe5 dxe5 {The position is equal.} 12. h3 h6 $146 ({Predecessor:} 12... Nf6 13. Be3 Nd7 14. Nd2 Ndc5 15. Rad1 Ne6 16. Nb3 Nf4 17. Bxf4 exf4 {½-½ (47) Wang,A (2313)-Chiku Ratte,O (2366) Montreal 2019}) 13. Bd2 ({Reject} 13. hxg4 hxg5 14. Nxg5 Qe7 $15) 13... Nf6 14. Na4 Qe7 15. Rfd1 Nh5 16. Qc1 Nf4 17. Bf1 $1 g5 18. Nh2 Nc7 19. a3 {Threatening Bb4.} Nce6 20. g3 {[#]} Ng6 $1 21. Nf3 f5 22. Qc2 (22. exf5 $17 Rxf5 23. Qb1) 22... f4 $19 {Hoping for ...fxg3.} 23. g4 {[#]} h5 $1 {[%mdl 512]} 24. Bc3 (24. gxh5 $17 Nh4 25. Nxh4 gxh4 26. Kh1) 24... hxg4 25. hxg4 c5 26. Be1 (26. b4 $142) 26... Nd4 27. Nxd4 exd4 ({Less strong is} 27... cxd4 28. f3 $15) 28. f3 Ne5 29. Bg2 $2 (29. Qg2) 29... Be6 30. b3 b6 31. Nb2 Qd7 32. Nd3 {[#]} Bxg4 $1 {[%mdl 512]} 33. fxg4 Qxg4 34. Qf2 {White wants to play Nxe5.} f3 {[%mdl 64] Pin} 35. Qg3 Qxg3 (35... fxg2 $142 36. Qxg4 Nxg4) 36. Bxg3 Nxd3 37. Rxd3 fxg2 38. Kxg2 Rae8 39. Re1 Be5 40. Kh3 $2 (40. b4) 40... Kg7 41. b4 Kg6 42. bxc5 bxc5 43. Rb3 Kh5 44. Rh1 $2 (44. Bxe5 {might work better.} Rxe5 45. Kg3) 44... Bf4 45. Kg2+ Kg4 46. Bxf4 Kxf4 {[%mdl 4096] Endgame KRR-KRR} (46... gxf4 $2 47. Rbh3 $17) 47. Rh7 g4 48. Rxa7 Rxe4 49. a4 (49. Kf2 $142) 49... Re2+ 50. Kg1 Rc2 51. a5 Rxc4 {Threatens to win with ...Rc1+.} 52. Ra3 (52. Rb2 $19 Rh8 53. Re2) 52... Rc1+ {Black mates.} 53. Kf2 {[#]} g3+ $1 54. Kg2 (54. Rxg3 Rc2+) 54... Rc2+ 55. Kg1 g2 56. a6 Rh8 {[%csl Gg2][%cal Rh8h1]} 57. Rf7+ Ke4 {[%csl Gg2][%cal Rh8h1]} 58. Rf2 d3 {Accuracy: White = 32%, Black = 81%.} 0-1

[Event "Mitropa Cup Open 2019"]
[Site "Radenci"]
[Date "2019.06.04"]
[Round "9.1"]
[White "Gazik, Viktor"]
[Black "Mihok, Oliver"]
[Result "0-1"]
[WhiteElo "2520"]
[BlackElo "2541"]
[Annotator "TA"]
[PlyCount "64"]
[EventDate "2019.05.27"]
[EventType "team-tourn"]
[EventCountry "SLO"]
[SourceTitle "playchess.com"]
[Source "ChessBase"]
[SourceQuality "1"]
[WhiteTeam "Slovakia"]
[BlackTeam "Hungary"]
[WhiteTeamCountry "SVK"]
[BlackTeamCountry "HUN"]

{[%evp 11,64,22,38,28,36,36,65,15,16,0,36,0,35,36,40,27,58,5,5,5,1,-11,0,-41,-29,-61,-3,-45,-6,-49,0,-19,-10,-9,0,-3,0,-19,-18,-56,-41,-58,0,-47,0,-43,-33,-70,-72,-674,-708,-1375,-1365,-1352,-1304]} 1. e4 c5 2. Nf3 Nc6 3. d4 cxd4 4. Nxd4 Qb6 5. Nb3 Nf6 6. Bd3 e6 7. Be3 {B32: Sicilian: Löwenthal and Kalashnikov Variations} (7. O-O Qc7 8. c4 Ne5 9. Nc3 d6 10. Bf4 a6 11. Rc1 b6 12. Bg3 Bb7 13. f4 Nxd3 14. Qxd3 Rc8 15. Qe3 {0-1 (31) Mista,A (2584)-Smirin,I (2676) Warsaw 2016}) 7... Qc7 8. f4 d6 9. N1d2 {White is slightly better.} Be7 10. Qf3 O-O $146 ({Predecessor:} 10... a6 11. a4 b6 12. O-O Rb8 13. c3 O-O 14. g4 Re8 {0-1 (38) Prein,M-Siepelt,H Bad Neustadt 1990}) 11. O-O b6 12. c3 Bb7 13. Qh3 Rad8 14. Rae1 (14. g4 $14) 14... e5 $11 15. f5 d5 16. exd5 Rxd5 17. Bc4 Rdd8 18. Bg5 Nb8 (18... Na5 $1 $15 19. Be2 Nxb3 20. Nxb3 a5) 19. Kh1 a6 20. a4 Bc6 21. Re3 Bxa4 22. Rg3 Kh8 23. Qh4 {Threatening Rh3.} Bc6 24. Rh3 {White threatens Bxf6 and mate.} Nbd7 25. Rf2 Kg8 26. Rg3 {Black must now prevent Bh6!} Kh8 27. Rh3 $1 Kg8 28. Rg3 $1 {aiming for Bh6!} Qd6 $36 {[%mdl 2048] Black fights for an advantage.} 29. Nc1 b5 30. Ba2 $2 {[%mdl 8192] [#]} (30. Be2 $17) 30... Ne4 $1 $19 {[%cal Re4f2][%mdl 576] Double Attack, Discovered Attack. Black is clearly winning.} 31. Bxe7 (31. Nxe4 Qd1+) 31... Nxf2+ 32. Kg1 Qxd2 {[%mdl 64] Double Attack. Accuracy: White = 34%, Black = 36%.} 0-1